000 01094nam a22002897a 4500
005 20121011113636.0
008 121011t xxu||||| |||| 00| 0 eng d
010 _aENG-106067
020 _a9781259001246
_c550.00
020 _a1259001245
_c550.00
035 _aEN-89600
037 _bDBAD / PUB
040 _adpl
_bEnglish
082 _a574
100 _aVinay Kumar
_91504
245 _aComplete biology for medical college entrance examinations /
_cby Vinay Kumar [and] S.S. Bhatia
250 _a2nd ed
260 _aNew Delhi
_bTata McGraw-Hill
_c2012
270 _a7 West Patel Nagar,
_bNew Delhi
_e110008
300 _axviii,1222p. :
_c25cm(pbk)
_bill.
490 _aTata McGraw-Hill's winning edge series
_91235
650 _aBiology
_xExamination, question, etc.
_953035
700 _aBhatia, S.S.
_953036
942 _2ddc
_cEN
_mVIN
_h574
999 _c70810
_d70810